Quran-E-Majeed Ka Khulasa Bachchon Ke Liye (Record no. 6630)

MARC details
000 -LEADER
fixed length control field 00437nam a2200169 a 4500
082 00 - DEWEY DECIMAL CLASSIFICATION NUMBER
Classification number 297.1227
Author Cutter ANS
100 ## - MAIN ENTRY--AUTHOR NAME
Author name Ansari, Ziauddin
245 ## - TITLE STATEMENT
Title Quran-E-Majeed Ka Khulasa Bachchon Ke Liye
260 ## - PUBLICATION, DISTRIBUTION, ETC. (IMPRINT)
Place of publication Peshawar
Name of publisher Anjuman-E-Ahmadiyya
Year of publication 1992
300 ## - PHYSICAL DESCRIPTION
Number of Pages 104p
500 ## - GENERAL NOTE
General note includes index and biblioraphy
505 2# - FORMATTED CONTENTS NOTE
Formatted contents note Index
650 ## - SUBJECT ADDED ENTRY--TOPICAL TERM
Topical Term Quran-Hermeneutics
650 ## - SUBJECT ADDED ENTRY--TOPICAL TERM
Topical Term Quran-Commentary
942 ## - ADDED ENTRY ELEMENTS (KOHA)
Koha item type Books
700 1# -
-- Ansari, Ziauddin
Holdings
Collection code Home library Current library Date acquired Cost, normal purchase price Full call number Accession Number Koha item type
  Henry Martyn Institute Library Henry Martyn Institute Library 08/02/2007 15.00 297.1227 ANS 014692 Books
                   Copyright © 2026 | Henry Martyn Institute | Hyderabad | TS-500052 | INDIA | Implemented by hmi.edu.in
Hit-Count:

Powered by Koha